| 000 | 00483nam a2200169Ia 4500 | ||
|---|---|---|---|
| 008 | 241217s9999||||xx |||||||||||||| ||und|| | ||
| 020 |
_a9780471364146 _c93.3 |
||
| 040 |
_beng _cSSK Library _erda |
||
| 082 | _a005.43/SIL | ||
| 100 | _a Abraham Silberschatz & Peter Baer Galvin - | ||
| 245 | 0 | _aOperating System Concepts | |
| 250 | _a5th ed | ||
| 260 |
_b John Wiley & Sons, Inc. _c©1999 |
||
| 942 |
_2Dewey Decimal Classification _cBOOK _nNo |
||
| 999 |
_c25770 _d25770 |
||
| 003 | OSt | ||
| 005 | 20241217112957.0 | ||